00736cas a22002417a 450000500170000000800410001701000100005801100100006803500100007824500910008826000630017930000070024231000140024936200150026350000500027865000530032886600160038186600160039786600160041386600240042986600220045386600190047520220329142109.0990621d br zu pernn 0 uub1por d a78368 a79340 a8955600aBoletim Técnico do Instituto Agronómico do Sulc/por Instituto Agronômico do Sul0 aRio Grande do Sul, Brasil :bInstituto Agronômico do Sul av. aIrregular1 an.39, 1961 aSe dejó de recibir a partir del n.40, 1961.14aAgriculturazBrasilxPublicaciones periódicas. an.12 (1955) an.14 (1956) an.22 (1959) an.28-29 (1960-1961) an.30,32-34 (1961) an.38-39 (1961)